عرض عادي
عرض مارك
- Pulkrabek, Willard W.
مدخل إسم شخص
001 - رقم الضبط
- حقل الضبط: 48496
003 - معرف رقم الضبط
- حقل الضبط: OSt
005 - تاريخ ووقت أخر عملية
- حقل الضبط: 20150713041044.0
008 - عناصر بيانات ثابتة الطول
- حقل تحكم ثابت الطول: 150713|| aca||aabn | a|a d
040 ## - مصدر الفهرسة
- هيئة الفهرسة الأصلية: OSt
- وكالة الكتابة: OSt
100 ## - مدخل -- أسم شخص
- إسم شخص: Pulkrabek, Willard W.
670 ## - بيانات المصدر موجوده
- الاستشهاد بالمصدر: Work cat.: (OSt): Pulkrabek, Willard W., Engineering fundamentals of the internal combustion engine /, 2014.
